[Event "2015 Canadian Seniors Ch 65+"]
[Site "Kitchener"]
[Date "2015.08.03"]
[Round "6.4"]
[White "Gregg, Alan"]
[Black "Glew, Richard"]
[Result "1-0"]
[WhiteElo "1917"]
[BlackElo "1659"]
[PlyCount "129"]
[EventDate "2015.??.??"]

1. e4 c5 2. Nf3 e6 3. d4 cxd4 4. Nxd4 a6 5. Bd3 Bc5 6. Nb3 Ba7 7. c4 Nc6 8. Nc3 Nf6 9. O-O O-O 10. Bg5 h6 11. Bh4 Ne5 12. Be2 d6 13. Kh1 Qc7 14. Bxf6 gxf6 15. Nd2 Bd7 16. Rc1 Bc6 17. b3 Kh7 18. Nd5 Qd8 19. Nb4 Rg8 20. Nxc6 bxc6 21. f4 Ng6 22. g3 f5 23. exf5 exf5 24. Bd3 d5 25. Bxf5 dxc4 26. Nxc4 Qf6 27. Qc2 Rad8 28. Ne5 c5 29. Nd7 Qc6+ 30. Qg2 Qxg2+ 31. Kxg2 Kh8 32. Bxg6 Rxd7 33. Bf5 Rd2+ 34. Rf2 Rgd8 35. Rc2 Rxf2+ 36. Kxf2 c4+ 37. Kf3 cxb3 38. axb3 Kg7 39. Be4 Rb8 40. Bd5 Bb6 41. Kg4 a5 42. Rc6 Bd8 43. Rd6 Be7 44. Rd7 Rd8 45. Rxe7 Rxd5 46. Re5 Rd3 47. Rb5 Kg6 48. f5+ Kf6 49. Rb6+ Kg7 50. Kh5 Rf3 51. Rb5 Rd3 52. Rb7 Rd5 53. g4 Rd2 54. h4 Rd6 55. g5 hxg5 56. hxg5 Rd3 57. g6 Rh3+ 58. Kg4 Rd3 59. Rxf7+ Kg8 60. Rb7 a4 61. bxa4 Rd4+ 62. Kg5 Rxa4 63. f6 Ra5+ 64. Kh6 Ra8 65. f7+ 1-0

[Event "2015 Canadian Seniors Ch 65+"]
[Site "Kitchener"]
[Date "2015.08.03"]
[Round "7.4"]
[White "Leblanc, Paul"]
[Black "Gregg, Alan"]
[Result "1/2-1/2"]
[WhiteElo "1744"]
[BlackElo "1917"]
[PlyCount "42"]
[EventDate "2015.??.??"]

1. d4 Nf6 2. c4 e6 3. g3 d5 4. Nf3 c6 5. Bg2 Be7 6. O-O O-O 7. Qc2 Nbd7 8. b3 Ne4 9. Bb2 Re8 10. Nc3 Nxc3 11. Bxc3 Bf6 12. Ne5 g6 13. e4 Bg7 14. f4 Nf6 15. Rad1 Qc7 16. Bb2 dxe4 17. Bxe4 Nxe4 18. Qxe4 f6 19. Nf3 b6 20. Qc2 c5 21. dxc5 Qxc5+ 1/2-1/2

[Event "2015 Canadian Seniors Ch 65+"]
[Site "Kitchener"]
[Date "2015.08.03"]
[Round "7.7"]
[White "Maheux, Pierre"]
[Black "Wingrove, William"]
[Result "1/2-1/2"]
[WhiteElo "1660"]
[BlackElo "1613"]
[PlyCount "94"]
[EventDate "2015.??.??"]

1. e4 c5 2. Nf3 d6 3. Nc3 Nf6 4. Bc4 e6 5. O-O Be7 6. d4 cxd4 7. Nxd4 O-O 8. Bb3 a6 9. a4 Qc7 10. Be3 Bd7 11. f3 Nc6 12. Qd2 Rac8 13. Rad1 Ne5 14. Kh1 Nc4 15. Qc1 Nxb2 16. Qxb2 Qxc3 17. Qxc3 Rxc3 18. Rd3 Rfc8 19. Rfd1 R3c7 20. Ne2 Bc6 21. Bb6 Rd7 22. Nd4 d5 23. Nxc6 Rxc6 24. a5 Rc8 25. Ba4 Rdd8 26. e5 Nh5 27. Bxd8 Bxd8 28. Rb1 Bxa5 29. Rxb7 g6 30. Ra7 Nf4 31. Ra3 Bc3 32. Bd7 Rb8 33. Rb3 Rxb3 34. cxb3 d4 35. b4 d3 36. Rxa6 d2 37. Ba4 Bxb4 38. Ra8+ Kg7 39. Rd8 Nd5 40. Kg1 Bc3 41. g3 Bxe5 42. Kf1 Kf6 43. f4 Bc3 44. Ke2 Bb4 45. Kd3 Ke7 46. Rc8 Kd6 47. Rc6+ Ke7 1/2-1/2

[Event "2015 Canadian Seniors Ch 65+"]
[Site "Kitchener"]
[Date "2015.08.03"]
[Round "7.5"]
[White "Rutkofske, Lonnie"]
[Black "Glew, Richard"]
[Result "1-0"]
[WhiteElo "1800"]
[BlackElo "1659"]
[PlyCount "79"]
[EventDate "2015.??.??"]

1. c4 e5 2. e4 Nf6 3. Nc3 Nc6 4. d3 d6 5. g3 Bg4 6. f3 Be6 7. Bg2 Be7 8. Nge2 Qd7 9. h4 h6 10. Nd5 O-O-O 11. b4 Ne8 12. Be3 b6 13. a4 a5 14. bxa5 bxa5 15. Bb6 f5 16. Bxc7 Bxd5 17. Bxd8 Kxd8 18. cxd5 Nb4 19. Ra3 g5 20. hxg5 Bxg5 21. f4 Bf6 22. Bh3 Ng7 23. Rf1 Ke7 24. fxe5 Bxe5 25. d4 Rc8 26. Kf2 Bf6 27. Kg1 Nc2 28. Qd3 Nxa3 29. Qxa3 Bg5 30. e5 Bd2 31. Qd3 Bb4 32. e6 Qxa4 33. Qe3 Rh8 34. Qf4 Qa2 35. Qh4+ Ke8 36. Nf4 Bd2 37. Qf6 Be3+ 38. Kh1 Rf8 39. Qxg7 Qa4 40. Ng6 1-0

[Event "2015 MI Open Championships"]
[Site "Lansing "]
[Date "2015.09.04"]
[Round "1"]
[White "Gregg, A.M"]
[Black "Yang, Kaiqi"]
[Result "0-1"]
[WhiteElo "1971"]
[BlackElo "2422"]
[PlyCount "46"]
[EventDate "2015.09.04"]
[EventType "swiss"]
[EventRounds "7"]
[EventCountry "USA"]

1. e4 e5 2. Nf3 Nc6 3. Bb5 a6 4. Ba4 Nf6 5. O-O b5 6. Bb3 Bc5 7. c3 d6 8. h3 Bb6 9. d3 O-O 10. Bg5 h6 11. Be3 Rb8 12. Bxb6 Rxb6 13. Nbd2 Ne7 14. Re1 Ng6 15. d4 Bb7 16. dxe5 dxe5 17. Nf1 Rd6 18. Qc2 Re8 19. Rad1 Nf4 20. Rxd6 Qxd6 21. Ng3 Qd3 22. Rd1 Nxh3+ 23. Kh2 Nxf2 0-1

[Event "2015 MI Open Championships "]
[Site "Lansing"]
[Date "2015.09.05"]
[Round "2"]
[White "Morton, Gary"]
[Black "Gregg, Alan"]
[Result "1/2-1/2"]
[WhiteElo "1838"]
[BlackElo "1971"]
[PlyCount "72"]
[EventDate "2015.09.05"]
[EventType "swiss"]
[EventRounds "7"]

1. d4 Nf6 2. Nf3 e6 3. Bg5 d5 4. e3 Nbd7 5. Bd3 Be7 6. Nbd2 b6 7. Qe2 Bb7 8. c3 Ne4 9. Bxe7 Qxe7 10. O-O O-O 11. Rac1 c5 12. c4 Rac8 13. Rfd1 Rfd8 14. h3 g6 15. cxd5 exd5 16. dxc5 Ndxc5 17. Nd4 Nxd3 18. Qxd3 Nc5 19. Qa3 Qf6 20. N2f3 a5 21. b4 axb4 22. Qb2 Ba6 23. Ne1 Ne4 24. Rxc8 Rxc8 25. Nef3 Rc4 26. Rc1 Rc3 27. Nc2 Be2 28. Ncd4 Bc4 29. Nc2 b3 30. axb3 Rxb3 31. Qxf6 Nxf6 32. Ncd4 Rb2 33. Ne5 b5 34. f3 Ne8 35. Ra1 Ba2 36. Rc1 Rb1 1/2-1/2

[Event "2015 MI Open Championships  "]
[Site "Lansing"]
[Date "2015.09.05"]
[Round "3"]
[White "Gregg, Alan"]
[Black "Luo, Muhan"]
[Result "1-0"]
[WhiteElo "1971"]
[BlackElo "1741"]
[PlyCount "47"]
[EventDate "2015.09.05"]
[EventType "swiss"]
[EventRounds "7"]

1. b3 e6 2. Bb2 Nf6 3. Nf3 b6 4. d3 d5 5. g3 Bb7 6. Bg2 Nbd7 7. O-O Bd6 8. c4 c5 9. e3 Qc7 10. Nc3 a6 11. cxd5 exd5 12. d4 O-O 13. Rc1 Qd8 14. Na4 Qe7 15. Re1 Rfe8 16. Re2 Qf8 17. Rec2 Rac8 18. Bh3 Ne4 19. Bxd7 cxd4 20. Bxc8 Rxc8 21. exd4 b5 22. Nc5 Bxc5 23. dxc5 Nxc5 24. Ba3 1-0

[Event "2015 MI Open Championships   "]
[Site "Lansing"]
[Date "2015.09.06"]
[Round "4"]
[White "Morabito, Matthew"]
[Black "Gregg, Alan "]
[Result "1/2-1/2"]
[WhiteElo "1809"]
[BlackElo "1971"]
[PlyCount "40"]
[EventDate "2015.09.06"]
[EventType "swiss"]
[EventRounds "7"]

1. Nf3 Nf6 2. g3 g6 3. Bg2 Bg7 4. O-O d5 5. c4 c6 6. d4 O-O 7. Nc3 Na6 8. cxd5 cxd5 9. Ne5 e6 10. Bd2 Nd7 11. Nxd7 Bxd7 12. e3 Qb6 13. Rb1 Rac8 14. Qe2 Rc7 15. Rfc1 Rfc8 16. Bf1 Bf8 17. Qd1 Nb8 18. a3 a6 19. b4 Qa7 20. a4 b6 (20... Nc6 21. Nxd5 exd5 22. b5) 1/2-1/2

[Event "2015 MI Open Championships     "]
[Site "Lansing"]
[Date "2015.09.07"]
[Round "7"]
[White "Konovalenko, Nicholas"]
[Black "Gregg, Alan"]
[Result "0-1"]
[WhiteElo "1717"]
[BlackElo "1971"]
[PlyCount "72"]
[EventDate "2015.09.07"]
[EventType "swiss"]
[EventRounds "7"]

1. d4 Nf6 2. c4 e6 3. Nc3 d5 4. cxd5 exd5 5. Bg5 Be7 6. Qc2 c6 7. e3 O-O 8. Bd3 Nbd7 9. Nge2 Re8 10. O-O Nf8 11. f3 Nh5 12. Bxe7 Rxe7 13. e4 dxe4 14. fxe4 Be6 15. Rad1 Rd7 16. Qd2 g6 17. Qe3 Qa5 18. a3 Rad8 19. Bc2 b5 20. Qg5 Bc4 21. Qc5 Ne6 22. Qe5 f6 23. Rxf6 Nxf6 24. Qxf6 Rf7 25. Qh4 Qb6 26. Kh1 Nxd4 27. Bb1 Rdf8 28. Ng3 Bb3 29. Re1 Nc2 30. Rg1 Qe3 31. Qg4 Kh8 32. Qe2 Rf2 33. Qxe3 Nxe3 34. Nce2 Ng4 35. h3 Ne5 36. Kh2 Nf3+ 0-1

[Event "2015 MI Open Championships     "]
[Site "Lansing"]
[Date "2015.09.06"]
[Round "5"]
[White "Gregg, Alan"]
[Black "Pergeron, Jean-Paul"]
[Result "1-0"]
[WhiteElo "1971"]
[BlackElo "1796"]
[PlyCount "35"]
[EventDate "2015.09.06"]
[EventType "tourn"]
[EventRounds "7"]

1. b3 e5 2. Bb2 d6 3. e3 Nf6 4. c4 Be7 5. d3 O-O 6. Nf3 Nbd7 7. Be2 Nc5 8. O-O Bd7 9. d4 exd4 10. Nxd4 Nfe4 11. f3 Ng5 12. Nc3 Nge6 13. Nd5 Bg5 14. f4 Bh6 15. Nf5 f6 16. Nxh6+ gxh6 17. Bf3 Rf7 18. Bh5 1-0

[Event "2015 MI Open Championships"]
[Site "Lansing"]
[Date "2015.09.04"]
[Round "1"]
[White "Morabito, Matthew"]
[Black "Druklec, Vladimir"]
[Result "0-1"]
[WhiteElo "1806"]
[BlackElo "2081"]
[PlyCount "60"]
[EventDate "2015.09.04"]
[EventType "swiss"]
[EventRounds "7"]

1. Nf3 Nf6 2. g3 g6 3. Bg2 Bg7 4. O-O O-O 5. d4 d5 6. Nc3 Bf5 7. Re1 Ne4 8. Nh4 Nxc3 9. bxc3 Be6 10. Rb1 b6 11. c4 c6 12. cxd5 Bxd5 13. Bxd5 Qxd5 14. Rb3 Qxd4 15. Rd3 Qc4 16. Rd8 Na6 17. Rxa8 Rxa8 18. Qd7 Nb4 19. Rd1 Nd5 20. e4 Qxc2 21. Re1 Nc3 22. Bd2 Nxe4 23. Be3 Nc3 24. Nf3 Qxa2 25. Nd4 Bxd4 26. Qxd4 Ne2+ 27. Rxe2 Qxe2 28. Qd7 c5 29. Qxe7 Qd1+ 30. Kg2 Qd5+ 0-1

[Event "2015 MI Open Championships"]
[Site "Lansing"]
[Date "2015.09.05"]
[Round "2"]
[White "Triplett, Thomas"]
[Black "Morabito, Matthew"]
[Result "1/2-1/2"]
[WhiteElo "1930"]
[BlackElo "1809"]
[PlyCount "104"]
[EventDate "2015.09.05"]
[EventType "swiss"]
[EventRounds "7"]

1. d4 Nf6 2. Bf4 d6 3. Nf3 g6 4. e3 Bg7 5. Be2 O-O 6. O-O Nbd7 7. h3 Re8 8. c4 e5 9. Bh2 exd4 10. exd4 Ne4 11. Nbd2 Nxd2 12. Qxd2 Nf6 13. Bd3 Ne4 14. Bxe4 Rxe4 15. Rfe1 Bf5 16. Rxe4 Bxe4 17. Ng5 Bh6 18. Bf4 Bxg5 19. Bxg5 Qd7 20. Qf4 Qf5 21. Re1 Qxf4 22. Bxf4 Bd3 23. c5 dxc5 24. dxc5 Bc4 25. b3 Be6 26. Bxc7 Rc8 27. Bd6 Rc6 28. Rd1 a5 29. Rd2 Ra6 30. Rd4 f6 31. Bc7 Kf7 32. Bb6 f5 33. f4 Ra8 34. Rd6 Ke7 35. Rd2 Bd7 36. a3 a4 37. b4 Bc6 38. Kf2 Rg8 39. h4 h6 40. g3 Re8 41. Bc7 Bb5 42. Be5 Kf7 43. Rd6 Re6 44. Ke3 Rxd6 45. cxd6 Ke6 46. Kd4 b6 47. Bg7 Kxd6 48. Bxh6 Be2 49. Bf8+ Ke6 50. Bg7 b5 51. Kc5 Bf1 52. Kc6 Be2 1/2-1/2

[Event "2015 MI Open Championships"]
[Site "Lansing"]
[Date "2015.09.06"]
[Round "5"]
[White "ManMohan, Das"]
[Black "Morabito, Matthew"]
[Result "0-1"]
[WhiteElo "1991"]
[BlackElo "1806"]
[PlyCount "62"]
[EventDate "2015.09.06"]
[EventType "swiss"]
[EventRounds "7"]

1. d4 Nf6 2. c4 g6 3. Nc3 Bg7 4. Nf3 O-O 5. e4 d6 6. h3 e5 7. d5 c6 8. a3 cxd5 9. cxd5 Nbd7 10. Bd3 Nc5 11. Bc2 Bd7 12. O-O a5 13. Be3 Rc8 14. a4 Na6 15. Nd2 Nb4 16. Bb3 Nd3 17. Qb1 {If 17. Nc4, then Ng2 18.Ng2, Rf4} Nf4 18. Nc4 N6h5 19. Bxf4 Nxf4 20. Qd1 Qg5 21. Qf3 Nxh3+ 22. Kh2 Nf4 23. Qg3 Qh6+ 24. Kg1 b5 25. axb5 Bxb5 26. Rfe1 {If 26.Nb5, then Nd2 mate!} Bxc4 27. Bc2 Rb8 28. Rab1 Bb3 29. Bxb3 Rxb3 30. Re3 Rfb8 31. Na4 Ne2+ 0-1

[Event "2015 MI Open Championships"]
[Site "Lansing"]
[Date "2015.09.07"]
[Round "6"]
[White "Chehayeb, Salah"]
[Black "Morabito, Matthew"]
[Result "1-0"]
[WhiteElo "2041"]
[BlackElo "1806"]
[PlyCount "63"]
[EventDate "2015.09.07"]
[EventType "swiss"]
[EventRounds "7"]

1. e4 c5 2. b4 cxb4 3. d4 g6 4. a3 bxa3 5. Rxa3 Bg7 6. e5 d6 7. f4 dxe5 8. fxe5 e6 9. Rf3 Nc6 10. c3 Nge7 11. Bd3 O-O 12. Bg5 Qa5 13. Ne2 Nd5 14. O-O b5 15. h4 Qb6 16. Kh1 h6 17. Bd2 b4 18. c4 Nc3 19. Nbxc3 bxc3 20. Bxc3 Bb7 21. Rg3 Ne7 22. Nf4 Nf5 23. Bxf5 exf5 24. e6 Qd8 25. exf7+ Rxf7 26. Nxg6 Be4 27. Qh5 f4 28. Nxf4 Qf6 29. d5 Qd6 30. Bxg7 Rxg7 31. Rxg7+ Kxg7 32. Ne6+ 1-0

[Event "2015 MI Open Championships"]
[Site "Lansing"]
[Date "2015.09.07"]
[Round "7"]
[White "Morabito, Matthew"]
[Black "Jarosz, Stanley"]
[Result "1/2-1/2"]
[WhiteElo "1806"]
[BlackElo "1919"]
[PlyCount "102"]
[EventDate "2015.09.07"]
[EventType "swiss"]
[EventRounds "7"]

1. Nf3 d5 2. g3 Nf6 3. Bg2 Bg4 4. d3 h6 5. O-O e6 6. Ne5 Be7 7. c4 c6 8. cxd5 exd5 9. Qb3 Qb6 10. Qxb6 axb6 11. Re1 O-O 12. e4 dxe4 13. dxe4 Be6 14. Nc3 b5 15. Be3 b4 16. Ne2 Rxa2 17. Rxa2 Bxa2 18. Ra1 Be6 19. Ra7 Bc8 20. Bf3 Na6 21. Nxc6 bxc6 22. Rxe7 c5 23. e5 Ng4 24. Bc1 Rd8 25. Kg2 Kf8 26. Ra7 Nxe5 27. Bh5 f6 28. f4 Nd3 29. Bf7 Rd7 30. Rxd7 Bxd7 31. Bc4 Nxc1 32. Nxc1 Nc7 33. Nd3 Be6 34. Bxe6 Nxe6 35. f5 Nd4 36. Nxc5 Nxf5 37. Kf3 Ke7 38. Ke4 Nd6+ 39. Kd5 Nf5 40. Ke4 Nd6+ 41. Kd3 f5 42. Na6 g5 43. Nxb4 Ke6 44. Nc6 g4 45. b4 h5 46. Nd4+ Ke5 47. b5 f4 48. Nc6+ Kf5 49. Nd4+ Ke5 50. Nc6+ Kf5 51. Nd4+ Ke5 1/2-1/2

[Event "2015 MI Open Championships - Reserve"]
[Site "Lansing"]
[Date "2015.09.06"]
[Round "5"]
[White "Jones, G. Avery"]
[Black "Shetty, Rishi"]
[Result "0-1"]
[WhiteElo "1522"]
[BlackElo "1494"]
[PlyCount "122"]
[EventDate "2015.09.04"]
[EventType "swiss"]
[EventRounds "7"]

1. d4 Nf6 2. Nc3 e6 3. Bg5 h6 4. Bh4 Bb4 5. Nf3 b6 6. e3 Bb7 7. Be2 d5 8. O-O O-O 9. Ne5 a6 10. Qd3 Qd6 11. Bxf6 gxf6 12. Ng4 Kg7 13. f4 f5 14. Ne5 Nc6 15. Rf3 Nxe5 16. fxe5 Qe7 17. Rg3+ Kh7 18. Rf1 Rg8 19. Rff3 Rxg3 20. Rxg3 Rg8 21. Rxg8 Kxg8 22. Bh5 Qg5 23. Bf3 c5 24. Ne2 c4 25. Qd1 Qxe3+ 26. Kh1 Qd2 27. Qxd2 Bxd2 28. c3 b5 29. Kg1 Be3+ 30. Kf1 Bd2 31. b3 Bg5 32. bxc4 bxc4 33. Ke1 Bc6 34. g3 Kg7 35. Nf4 Bd7 36. Nh5+ Kh7 37. Nf4 f6 38. exf6 Bxf6 39. Kd2 Kg8 40. Kc2 Kf8 41. Bh5 Ke7 42. Kb2 Kd6 43. Bd1 e5 44. dxe5+ Bxe5 45. Bf3 d4 46. cxd4 Bxd4+ 47. Kc1 Bc6 48. Bxc6 Kxc6 49. Ne2 Be5 50. Kc2 Kd5 51. Kc1 Ke4 52. Kd2 Kf3 53. Ke1 Kg2 54. a3 Kxh2 55. Kf2 c3 56. Kf3 c2 57. a4 Bxg3 58. Nc1 f4 59. Ne2 h5 60. Nc1 Kg1 61. Nd3 h4 0-1

[Event "43rd Annual World Open-Under 1800"]
[Site "Arlington, VA"]
[Date "2015.07.06"]
[Round "8"]
[White "Johnson, Lawrence E, Sr"]
[Black "Jones, G. Avery"]
[Result "1/2-1/2"]
[WhiteElo "1648"]
[BlackElo "1489"]
[PlyCount "117"]
[EventDate "2015.07.06"]
[EventType "swiss"]
[EventRounds "9"]

1. e4 c6 2. d4 d5 3. exd5 cxd5 4. Bd3 Nc6 5. c3 g6 6. Nf3 Bg7 7. O-O Nf6 8. h3 O-O 9. Re1 Qc7 10. Bg5 Re8 11. Bh4 Nh5 12. Qb3 e6 13. Nbd2 a6 14. Rac1 b5 15. Qc2 Bb7 16. Nb3 e5 17. dxe5 Nxe5 18. Nxe5 Rxe5 19. Rxe5 Bxe5 20. Bg5 Re8 21. Bh6 Qe7 22. Qd2 Qe6 23. Kf1 d4 24. cxd4 Bxg2+ 25. Kxg2 Nf4+ 26. Kf3 Nxd3 27. dxe5 Qd5+ 28. Kg3 Qxe5+ 29. f4 Qd6 30. Rc3 Rd8 31. Nc1 Nc5 32. Qxd6 Ne4+ 33. Kg2 Nxd6 34. Rd3 f5 35. Bg5 Rd7 36. Nb3 Kf7 37. Nc5 Rc7 38. Rxd6 Rxc5 39. Rd7+ Ke6 40. Rxh7 Rc2+ 41. Kf3 Rxb2 42. Rg7 Rxa2 43. Rxg6+ Kf7 44. Rf6+ Kg7 45. Rxf5 b4 46. Bd8 b3 47. Bf6+ Kg6 48. Rc5 Kxf6 49. Rc6+ Kf5 50. Rb6 a5 51. Rxb3 a4 52. Rb5+ Kf6 53. Ra5 a3 54. Kg4 Rg2+ 55. Kh4 a2 56. Kh5 Rh2 57. Kh4 Rg2 58. Kh5 Rh2 59. Kh4 1/2-1/2

[Event "October 2015 USCF Rated Quad"]
[Site "Port Huron"]
[Date "2015.10.15"]
[Round "1"]
[White "Rutkofske, Lonnie"]
[Black "Bedy, Noel"]
[Result "1-0"]
[WhiteElo "1800"]
[BlackElo "1434"]
[PlyCount "143"]
[EventDate "2015.10.15"]
[EventType "tourn"]
[EventRounds "3"]

1. e4 d5 2. exd5 Nf6 3. Nc3 Nxd5 4. Nxd5 Qxd5 5. d4 Nc6 6. Be3 Bf5 7. c3 e5 8. dxe5 Qxd1+ 9. Rxd1 Nxe5 10. Be2 Be4 11. f3 Bf5 12. Bf4 Bd6 13. Bb5+ Ke7 14. Bxe5 Bxe5 15. Ne2 Be6 16. Nc1 c6 17. Bd3 Rad8 18. O-O f6 19. Rfe1 Kf7 20. g3 Bc7 21. Kg2 g6 22. Bc2 Rxd1 23. Rxd1 Rd8 24. Rxd8 Bxd8 25. Nd3 Bb6 26. b3 Ke7 27. g4 Kd6 28. Kg3 Bf7 29. h4 Kd5 30. Nf4+ Ke5 31. Ne2 h6 32. f4+ Kd6 33. Be4 g5 34. Nc1 Be3 35. Nd3 b5 36. hxg5 hxg5 37. Kf3 Bd2 38. fxg5 fxg5 39. Bxc6 Bd5+ 40. Bxd5 Kxd5 41. Nb4+ Kd6 42. Ke4 Bxc3 43. Nd3 Ke6 44. Nf2 Bd2 45. Kd4 b4 46. Ne4 Bf4 47. Nc5+ Kd6 48. Nd3 Bd2 49. Kc4 Ke6 50. Kd4 Kd6 51. Ke4 Ke6 52. Ne5 a6 53. Nc4 Bf4 54. Nb6 Bd6 55. Nd5 a5 56. Ne3 Bc7 57. Nf5 Be5 58. Ne3 Bc7 59. Nd5 Bd8 60. Kd4 Kd6 61. Ke4 Ke6 62. Ne3 Bc7 63. Nc4 Bd8 64. Nb2 Bc7 65. Nd3 Bb6 66. Ne5 Bc7 67. Nf3 Bf4 68. Nd4+ Kd6 69. Kf5 Kd5 70. Nf3 Kd6 71. Nxg5 Bxg5 72. Kxg5 1-0

[Event "October 2015 USCF Rated Quad "]
[Site "Port Huron"]
[Date "2015.10.22"]
[Round "2"]
[White "Bedy, Noel"]
[Black "Wingrove, William"]
[Result "0-1"]
[WhiteElo "1434"]
[BlackElo "1613"]
[PlyCount "40"]
[EventDate "2015.10.22"]
[EventType "tourn"]
[EventRounds "3"]

1. e4 c5 2. Nf3 d6 3. Bb5+ Bd7 4. Bxd7+ Qxd7 5. O-O Nc6 6. Qe2 e5 7. Nc3 Nge7 8. d3 g6 9. Bg5 Bg7 10. Qd2 O-O 11. Ne2 f5 12. Bh6 f4 13. Bxg7 Kxg7 14. c3 d5 15. Rad1 Rad8 16. Rfe1 h6 17. Qc2 g5 18. exd5 Qxd5 19. d4 cxd4 20. Nd2 d3 0-1

[Event "October 2015 USCF Rated Quad  "]
[Site "Port Huron"]
[Date "10.10.22"]
[Round "2"]
[White "Jones, G. Avery"]
[Black "Rutkofske, Lonnie"]
[Result "0-1"]
[WhiteElo "1463"]
[BlackElo "1800"]
[PlyCount "64"]
[EventDate "2015.10.22"]
[EventType "tourn"]
[EventRounds "3"]

1. d4 g6 2. Nf3 b6 3. e4 Bb7 4. Nc3 d6 5. Bd3 Nd7 6. Be3 Bg7 7. O-O h6 8. Ne2 e6 9. c3 Ne7 10. Ng3 O-O 11. Qd2 Kh7 12. Rad1 f5 13. Rfe1 Nf6 14. Qc1 fxe4 15. Ng5+ hxg5 16. Bxg5 exd3 17. Rxe6 Bd5 18. Ree1 Qd7 19. c4 Bf7 20. Rxd3 Rae8 21. h3 Neg8 22. Rde3 Bh6 23. Bxh6 Nxh6 24. Qc3 Rxe3 25. Rxe3 Re8 26. Rf3 Ne4 27. Qd3 Nxg3 28. Rxg3 Re1+ 29. Kh2 Qf5 30. Qd2 Qb1 31. Rf3 Rh1+ 32. Kg3 Qe4 0-1

[Event "October 2015 USCF Rated Quad  "]
[Site "Port Huron"]
[Date "2015.10.29"]
[Round "3"]
[White "Bedy, Noel"]
[Black "Jones, G. Avery"]
[Result "1/2-1/2"]
[WhiteElo "1434"]
[BlackElo "1463"]
[PlyCount "101"]
[EventDate "2015.10.29"]
[EventType "tourn"]
[EventRounds "3"]

1. d4 d5 2. Nf3 Nf6 3. Nbd2 g6 4. e3 Bg7 5. b4 O-O 6. Bb2 a6 7. c4 c6 8. cxd5 cxd5 9. Rc1 Nc6 10. a3 Re8 11. Qb3 Ng4 12. b5 Na5 13. Qb4 b6 14. Bd3 e5 15. dxe5 Nxe5 16. Nxe5 Bxe5 17. Bxe5 Rxe5 18. Nf3 Re8 19. O-O Bb7 20. Nd4 axb5 21. Bxb5 Re7 22. Rc3 Rc7 23. Rfc1 Rxc3 24. Rxc3 Nc4 25. Nf3 Rc8 26. h3 Rc5 27. a4 Qc7 28. Bxc4 Rxc4 29. Rxc4 dxc4 30. Qc3 Bxf3 31. gxf3 Qc6 32. Qc2 c3 33. Kf1 Qc4+ 34. Ke1 Qb4 35. Kd1 Qc4 36. Ke1 Qb4 37. Kd1 Qa3 38. Ke2 Qa1 39. Kd3 h5 40. Qxc3 Qxa4 41. Qc4 Qd1+ 42. Ke4 Qd6 43. f4 Qf6 44. Qb5 Qe6+ 45. Kd3 Kf8 46. Qb4+ Kg8 47. Qb5 Qd6+ 48. Ke2 Kf8 49. Kf1 h4 50. Ke2 Qc7 51. Kf3 1/2-1/2

[Event "Fifth Annual Fall Chess Festival"]
[Site "?"]
[Date "2015.10.31"]
[Round "5"]
[White "Jones, G. Avery"]
[Black "Dakshesh, Durari"]
[Result "1-0"]
[WhiteElo "1484"]
[BlackElo "1659"]
[PlyCount "27"]

1. d4 d5 2. Nf3 c6 3. e3 Nf6 4. Bd3 e6 5. Nbd2 Nbd7 6. O-O Bd6 7. Re1 O-O 8. e4 dxe4 9. Nxe4 Nxe4 10. Rxe4 Nf6 11. Rh4 Re8 12. Ne5 Bf8 13. Bxh7+ Kh8 14. Nxf7# 1-0

[Event "Fifth Annual Fall Festival"]
[Site "Dearborn"]
[Date "2015.10.30"]
[Round "1"]
[White "West, Tony"]
[Black "Fierro, Martha"]
[Result "0-1"]
[WhiteElo "1916"]
[BlackElo "2355"]
[Annotator "Doe,John"]
[PlyCount "64"]
[EventDate "2015.??.??"]

1. d4 g6 2. c4 Bg7 3. Nc3 d6 4. e4 Nc6 5. Be3 e5 6. d5 Nce7 7. Bd3 f5 8. f3 Nf6 9. Nge2 O-O 10. O-O f4 11. Bf2 g5 12. b4 g4 13. c5 Ng6 14. Rc1 gxf3 15. gxf3 Bh3 16. Re1 Nh5 17. Kh1 Nh4 $1 18. Bxh4 Qxh4 19. Rc2 $1 {The only move that allows white to survive.} Kh8 20. Rg1 Rg8 21. Qe1 Qe7 22. cxd6 {Better is 22. Nb5} cxd6 23. Nb5 a6 24. Nc7 $2 {Nxd6 works, but it is super complicated and not surprised I missed it.} (24. Nxd6 Qxd6 25. Qh4 Qh6 26. Qxh3 Ng3+ 27. Rxg3 fxg3 28. Qxh6 g2+ 29. Kxg2 Bxh6+ 30. Kf2 {and white has good chances despite being down an exchange. I couldn't see past being down the exchange.}) 24... Rac8 25. Ne6 Bxe6 26. dxe6 Qxe6 27. Nc3 $2 {The losing move. I had to play either Rg2 or Qh4. Now I can stop whats coming.} Qh3 $1 28. Rgg2 Bf6 29. Qd1 Rxg2 30. Rxg2 Rxc3 31. Qd2 Rc7 32. Bf1 Qe6 0-1

[Event "Fifth Annual Fall Festival"]
[Site "Dearborn"]
[Date "2015.10.31"]
[Round "2"]
[White "Ugrinovskiy, Gary"]
[Black "West, Tony"]
[Result "0-1"]
[WhiteElo "1457"]
[BlackElo "1916"]
[PlyCount "38"]
[EventDate "2015.??.??"]

1. e4 c5 2. Nf3 Nc6 3. Bc4 e6 4. Nc3 Nge7 5. d4 cxd4 6. Nxd4 Nxd4 7. Qxd4 Nc6 8. Qd1 Be7 9. O-O O-O 10. f4 a6 11. a4 d6 12. Be3 Qc7 13. Qf3 Ne5 14. fxe5 Qxc4 15. exd6 Bxd6 16. Rad1 Qc7 17. Qh5 Be5 18. Rd3 Qa5 19. Bd4 $4 {Oops} Bxd4+ 0-1

[Event "Fifth Annual Fall Festival"]
[Site "Dearborn"]
[Date "2015.10.31"]
[Round "3"]
[White "Ghobrial, Ameer"]
[Black "West, Tony"]
[Result "1-0"]
[WhiteElo "2276"]
[BlackElo "1916"]
[PlyCount "101"]
[EventDate "2015.??.??"]

1. c4 e6 2. Nf3 f5 3. g3 Nf6 4. Bg2 d5 5. O-O Bd6 6. d4 c6 7. Qb3 Ne4 8. Nc3 Nd7 9. Nd2 Nef6 10. Re1 O-O 11. f3 f4 $1 12. e4 dxe4 $2 (12... fxg3 $1 13. e5 gxh2+ 14. Kh1 Nh5 {and Black is going to have a crushing attack or just be up two full pawns}) 13. Ndxe4 Nxe4 14. Nxe4 Bc7 15. Bxf4 Bxf4 16. gxf4 Nf6 17. Nxf6+ Qxf6 18. Re4 Qh6 19. Qe3 Bd7 20. c5 $2 Rf5 21. Bf1 Rh5 22. Qd2 Rf8 {All of a sudden Black is much better again} 23. Rae1 Rh4 24. R1e2 Rhxf4 25. Rg2 $2 Rxf3 $1 26. Bc4 Qxd2 27. Rxd2 R8f6 28. Kg2 Kf7 29. a4 R3f5 30. h3 h5 {In this position after 30 moves, it's hard to believe that I could possible mess this up.} 31. Re3 Rg5+ 32. Kh2 Rgf5 33. Kg2 Rg5+ 34. Kh2 Rgf5 35. Rg2 Rf4 (35... Rf2 36. Rb3 Bc8 {should hold at a minimum}) 36. Reg3 Rxd4 37. Rxg7+ Ke8 38. Be2 Rd5 (38... h4 {is one way to win} 39. Rh7 Kd8 40. Rg8+ Kc7) 39. Rh7 Kd8 40. Rg8+ Kc7 41. Bxh5 Rxc5 42. Be8 Rd5 43. Rgg7 Rd2+ $4 {And all my work is for naught!} (43... Rf2+ 44. Kg3 Rfd2 {and Black holds}) 44. Kg3 Rd3+ 45. Kg4 e5+ 46. Rxd7+ Rxd7 47. Rxd7+ Kc8 48. Re7 Rf4+ 49. Kg5 Rxa4 50. Rxe5 Rb4 51. Re2 1-0